Score 0/20 Timer 04:00
2 Plays Today
Song Missing Word % Correct
...Baby One More _____Time
97.4%
Every Breath You _____Take
97.3%
Breakfast at _____Tiffany's
94.4%
Every Rose Has Its _____Thorn
94.3%
New Kid in _____Town
92.8%
Love Me _____Tender
88.5%
TiK _____ToK
87.8%
Suit & _____Tie
86.6%
Laffy _____Taffy
80.9%
All My Ex's Live in _____Texas
80.6%
Song Missing Word % Correct
Get Down _____Tonight
79%
Big Yellow _____Taxi
78.9%
Shake Your Groove _____Thing
77.3%
Come _____Together
76%
You Never Can _____Tell
73.9%
Runaway _____Train
73%
Scar _____Tissue
72.7%
Under My _____Thumb
60.6%
Everybody _____Talks
44%
I Write Sins Not _____Tragedies
39.3%

Today's Daily Dose

Remove Ads.
Support Sporcle.
Get the best of Sporcle when you Go Orange. This ad-free experience offers more features, more stats, and more fun while also helping to support Sporcle. Thank you for becoming a member.

You're not logged in!

Compare scores with friends on all Sporcle quizzes.
OR
Log In

Show Comments

Extras

Top Quizzes Today


Score Distribution

Your Account Isn't Verified!

In order to create a playlist on Sporcle, you need to verify the email address you used during registration. Go to your Sporcle Settings to finish the process.

Report this User

Report this user for behavior that violates our Community Guidelines.

Details: